000 01023nam a22003017a 4500
003 CHAP
005 20220329140930.0
008 971013s1960 r 00010 d
010 _a59992
011 _a60964
035 _a65128
040 _cCHAP
082 _a630.9725
_bM49
110 _aMéxico (Edo.). Dirección de Agricultura y Ganadería
_976849
245 _aInformaciones y problemas agropecuarios y forestales para la Primera Reunión de Directores o Jefes de Depto. ...
260 _aToluca, Méx. :
_bLa Dirección,
_c1960
300 _aPág. varía
590 _aBATCH-UPD
_b10
_c20130110
_lUCH01
_h1145
590 _aBATCH-UPD
_b10
_c20130410
_lUCH01
_h0730
590 _aBATCH-UPD
_b10
_c20130914
_lUCH01
_h0042
590 _aCONVERSION
_b10
_c20130109
_lUCH01
_h1332
650 1 4 _aAgricultura
_xLeyes.
_91720
650 1 4 _aAgricultura
_zMéxico.
_91932
650 1 4 _aBosques
_xMéxico.
_914341
901 _aBK
942 _cLIBRO
949 _a630.9725 M49
_bBC
_cLIBRO
_d33724000561072
_eLIBRO
_h20436
_i65128
_si
999 _c59992
_d59992